| 000 | 00398nam a22001697a 4500 | ||
|---|---|---|---|
| 005 | 20260413124935.0 | ||
| 008 | 160613b xxu||||| |||| 00| 0 eng d | ||
| 020 | _a9781861979872 | ||
| 041 | _aeng | ||
| 082 | _a709.2 | ||
| 100 |
_aVinci, Leonardo da _91737 |
||
| 245 | _aThe DA Vinci note books | ||
| 260 |
_aLondon _bProfile Books ltd, |
||
| 300 | _a217 | ||
| 650 | _aManagement | ||
| 942 | _cBK | ||
| 999 |
_c2447 _d2446 |
||